000 00576nam a2200229Ia 4500
003 OSt
005 20220924145946.0
006 a|||||r|||| 00| 0
007 ta
008 220923b |||||||| |||| 00| 0 tel d
024 _a331124
037 _cTextual
040 _aARTS
_cARTS
_btel
041 _2tel
_atel
082 _aO35:gOY1, L4
100 _aDas babu Ed.
_9220971
245 0 _aSahityamla samanya manavvdu
260 _c1974
650 _aTELUGU LITERATURE
942 _hO35:gOY1, L4
_cTEXL
_2CC
999 _c461791
_d461791